000 00634nam a22002051a 4500
001 2468
003 OSt
005 20260204211813.0
008 070903s1981||||sp ||||||b||||||||||spa||
020 _a9253010525
050 _a636 R245r
245 _aRecursos genéticos animales en América Latina / Bernet Müller Haye y Juan Gelman
264 _aEspaña: FAO
300 _a168 p
500 _aFAO: Produccion Santillana Animal No. 22
650 _aProducción Animal
700 _aMüller Haye, Bernet II.Gelman, Juan
710 _aOrganizacion de las Naciones Unidas para la Agricultura y la AlimentaciónÌ
942 _2ddc
_cBK
999 _c2468
_d2468